000 00655nam a2200229Ia 4500
003 OSt
005 20220918183928.0
006 a|||||r|||| 00| 0
007 ta
008 220917b |||||||| |||| 00| 0 eng d
024 _a42,508
037 _cTextual
040 _aARTS
_cARTS
_beng
041 _2eng
_aeng
082 _aO152M2,M97, K1 (P15)
245 0 _aNagripracharani patrika
_b malviya shati visheshank ed by Sampurnanand etc.
260 _aKashi
_bNagripracharani Sabha
_c1961
300 _a153-634p
_ccm.
650 _aENGLISH LITERATURE
942 _hO152M2,M97, K1 (P15)
_cTEXL
_2CC
999 _c174339
_d174339